Contact : (Record no. 234810)

000 -LEADER
fixed length control field 00737cam a2200229 a 4500
001 - CONTROL NUMBER
control field 970020
003 - CONTROL NUMBER IDENTIFIER
control field Nust
005 - DATE AND TIME OF LATEST TRANSACTION
control field 20170330192348.0
008 - FIXED-LENGTH DATA ELEMENTS--GENERAL INFORMATION
fixed length control field 850717s1985 nyu 000 1 eng
010 ## - LIBRARY OF CONGRESS CONTROL NUMBER
LC control number 85014645
020 ## - INTERNATIONAL STANDARD BOOK NUMBER
International Standard Book Number 9781857235807
040 ## - CATALOGING SOURCE
Original cataloging agency DLC
Transcribing agency DLC
Modifying agency DLC
-- OCoLC
-- DLC
050 00 - LIBRARY OF CONGRESS CALL NUMBER
Classification number PS3569.A287
Item number C6 1985
082 00 - DEWEY DECIMAL CLASSIFICATION NUMBER
Classification number 813.54
Author Mark SAG
100 1# - MAIN ENTRY--PERSONAL NAME
Personal name Sagan, Carl,
Dates associated with a name 1934-1996.
245 10 - TITLE STATEMENT
Title Contact :
Remainder of title a novel /
Statement of responsibility, etc. Carl Sagan.
260 ## - PUBLICATION, DISTRIBUTION, ETC.
Place of publication, distribution, etc. New York :
Name of publisher, distributor, etc. Simon and Schuster,
Date of publication, distribution, etc. 1985.
300 ## - PHYSICAL DESCRIPTION
Extent 432 p. ;
Dimensions 25 cm.
655 #7 - INDEX TERM--GENRE/FORM
Genre/form data or focus term Science fiction.
Source of term gsafd
906 ## - LOCAL DATA ELEMENT F, LDF (RLIN)
a 7
b cbc
c orignew
d 1
e ocip
f 19
g y-gencatlg
942 ## - ADDED ENTRY ELEMENTS (KOHA)
Source of classification or shelving scheme
Koha item type Book
Holdings
Withdrawn status Lost status Source of classification or shelving scheme Damaged status Not for loan Permanent Location Current Location Shelving location Date acquired Total Checkouts Total Renewals Full call number Barcode Date last seen Date last checked out Copy number Price effective from Koha item type
          Central Library (CL) Central Library (CL) Fiction 03/30/2017 3 6 813.54 SAG CL1175 02/25/2026 07/14/2025 1 03/30/2017 Book
© 2023 Central Library, National University of Sciences and Technology. All Rights Reserved.